00000000nam 2200000zi 4500
0019.954877
003CaOODSP
00520250905122051
006m     o  d f      
007cr cn|||||||||
008250905e20241021onca    ob   f000 0 eng d
040 |aCaOODSP|beng|erda|cCaOODSP
043 |an-cn---
0861 |aRv55-8/17-1-4-2024E-PDF
24500|aRelease of commercial goods.
250 |a[October 21, 2024 edition].
264 1|aOttawa : |bCanada Border Services Agency = Agence des services frontaliers du Canada, |cOctober 21, 2024.
300 |a1 online resource (30 pages) : |billustrations.
336 |atext|btxt|2rdacontent
337 |acomputer|bc|2rdamedia
338 |aonline resource|bcr|2rdacarrier
4901 |aMemorandum, |x2369-2391 ; |vD17-1-4
500 |aCaption title.
500 |aIssued also in French under title: Mainlevée des marchandises commerciales.
500 |a"Superseded D memoranda D17-1-4 dated November 20, 2023."
504 |aIncludes bibliographical references (pages 29-30).
520 |a"Terms and conditions for the release of commercial goods; how to submit a release request; documents required for release; release options and processing; making a correction to documentation; cancelling a release request"--Key content, page [1].
650 0|aImports|xLaw and legislation|zCanada.
7102 |aCanada Border Services Agency, |eissuing body.
77508|tMainlevée des marchandises commerciales.|w(CaOODSP)9.954878
795 |tRelease of commercial goods.|b[November 21, 2023 edition].|w(CaOODSP)9.937166
830#0|aMemorandum (Canada Border Services Agency)|x2369-2391 ; |vD17-1-4.|w(CaOODSP)9.816825
85640|qPDF|s588 KB|uhttps://publications.gc.ca/collections/collection_2025/asfc-cbsa/Rv55-8-17-1-4-2024-eng.pdf
8564 |qHTML|sN/A|uhttps://www.cbsa-asfc.gc.ca/publications/dm-md/d17/d17-1-4-eng.html